| 000 | 00846nam a22002777a 4500 | ||
|---|---|---|---|
| 003 | 0 | ||
| 005 | 20180727122116.0 | ||
| 008 | 0 | ||
| 010 | _aB-19783 | ||
| 020 |
_c550.00 _a8187317396 |
||
| 035 | _aB-019783, B-019784 | ||
| 037 | _bCen Lib/Ret | ||
| 040 |
_aDPL _bEN _c0 |
||
| 082 | _a305.568 | ||
| 100 |
_aToppo, S. R. _96668 |
||
| 245 |
_aCaste : _cby S. R. Toppo _ba social evil / |
||
| 260 |
_aNew Delhi _bRajat Publications _c2000 |
||
| 270 |
_a4675/21, Ansari Road, Darya Ganj _bNew Delhi _e110002 |
||
| 300 |
_av,314p. _c20cm(Hb) |
||
| 500 | _aIncludes index | ||
| 650 |
_aCaste--India _96669 |
||
| 650 |
_aSocial stratification -- India _96670 |
||
| 650 |
_a जाति - भारत _91541 |
||
| 650 |
_aसामाजिक स्तरीकरण - भारत _93799 |
||
| 942 |
_2ddc _cEN _h305.568 _mTOP |
||
| 999 |
_c123524 _d123524 |
||